| 000 | 00887nam a22001937a 4500 | ||
|---|---|---|---|
| 999 |
_c59795 _d59795 |
||
| 003 | Ge_BSU | ||
| 005 | 20230419133814.0 | ||
| 008 | 230419s1998 ge ||||| |||| 00| 0 geo d | ||
| 020 | _a5895121136 | ||
| 041 | _ageo | ||
| 080 | _a008 ჩ-60 | ||
| 100 |
_aჩიქოვანი, ნინო _917678 |
||
| 245 |
_aკულტუროლოგია : ფორმირებადი დისციპლინის ზოგიერთი პრობლემა _cნინო ჩიქოვანი; რედაქტორი გ. ლორთქიფანიძე. |
||
| 264 |
_aთბილისი : _bცოდნა, _c1998. |
||
| 300 |
_a48 გვ. ; _b21 სმ. |
||
| 504 | _aბიბლიოგრ. ცტატიების ბოლოს | ||
| 700 |
_aლორთქიფანიძე, გ. _eრედაქტორი _91484 |
||
| 942 |
_2udc _cBK |
||